| 000 | 00778nam a2200229 u 4500 | ||
|---|---|---|---|
| 005 | 20251105063903.0 | ||
| 008 | 110406s1986 es r 000 0 spa d | ||
| 020 | _a8472228347 | ||
| 035 | _aUPN01000180152 | ||
| 049 | _aCG | ||
| 050 | 4 |
_aLA792 _bB3.2 |
|
| 100 | 1 |
_aDe Bartolomeis, Francesco, _d1918- _935970 |
|
| 245 | 1 | 3 |
_aLa actividad educativa : _borganización, instrumentos, métodos / _cFrancisco de Bartolomeis ; tr. de Clara Garcia. |
| 260 |
_aBarcelona, Esp. : _bLaia, _c1986. |
||
| 300 | _a290 p. | ||
| 440 | 0 |
_aLibros cuadernos de pedagogía ; _v25 |
|
| 534 |
_pTítulo original: _tLe attivitta educative |
||
| 650 | 4 |
_aEducación _zItalia _99219 |
|
| 650 | 4 |
_aEDUCACION - _xINVESTIGACION - _zITALIA _918949 |
|
| 650 | 4 |
_aEducación social _913718 |
|
| 905 | _aLibro | ||
| 999 |
_c152255 _d152255 |
||